Statistics for How Many Electrons Does Each Element Have

Click here to take the quiz!

General Stats

  • This quiz has been taken 42 times
  • The average score is 8 of 9

Answer Stats

ElementNumber Of Electrons% Correct
Flourine9
100%
Sodium11
97%
Nitrogen7
97%
Scandium21
90%
Cobalt27
87%
Titanium22
83%
Germanium32
83%
Caesium55
77%
Seaborgium106
73%

Score Distribution

Percentile by Number Answered

Percent of People with Each Score

Your Score History

You have not taken this quiz